<?xml version="1.0" encoding="UTF-8"?>
<record
    xmlns:xsi="http://www.w3.org/2001/XMLSchema-instance"
    xsi:schemaLocation="http://www.loc.gov/MARC21/slim http://www.loc.gov/standards/marcxml/schema/MARC21slim.xsd"
    xmlns="http://www.loc.gov/MARC21/slim">

  <leader>00886nam a2200253 i 4500</leader>
  <controlfield tag="001">C00062300c</controlfield>
  <controlfield tag="005">20241029150816.0</controlfield>
  <controlfield tag="008">130916s1925    xxkf            1   engdd</controlfield>
  <datafield tag="080" ind1=" " ind2=" ">
    <subfield code="a">729.88(44)"09/14"</subfield>
  </datafield>
  <datafield tag="080" ind1=" " ind2=" ">
    <subfield code="a">729.88(410)"09/14"</subfield>
  </datafield>
  <datafield tag="100" ind1="1" ind2=" ">
    <subfield code="a">Arnold, Hugh (</subfield>
    <subfield code="d">1872-1915)</subfield>
    <subfield code="9">43038</subfield>
  </datafield>
  <datafield tag="245" ind1="1" ind2="0">
    <subfield code="a">Stained glass of the middle ages in England and France / </subfield>
    <subfield code="c">painted by Lawrence B. Saint ; described by Hugh Arnold.</subfield>
  </datafield>
  <datafield tag="260" ind1=" " ind2=" ">
    <subfield code="a">London : </subfield>
    <subfield code="b">A. &amp; C. Black, </subfield>
    <subfield code="c">1925.</subfield>
  </datafield>
  <datafield tag="300" ind1=" " ind2=" ">
    <subfield code="a">XIV, 260 p., [46] p. de l&#xE1;m. col. ; </subfield>
    <subfield code="c">23 cm.</subfield>
  </datafield>
  <datafield tag="500" ind1=" " ind2=" ">
    <subfield code="a">Antep.</subfield>
  </datafield>
  <datafield tag="500" ind1=" " ind2=" ">
    <subfield code="a">Apostillas marginales.</subfield>
  </datafield>
  <datafield tag="500" ind1=" " ind2=" ">
    <subfield code="a">Donaci&#xF3;n heredera R. Stolz Viciano.</subfield>
  </datafield>
  <datafield tag="650" ind1=" " ind2=" ">
    <subfield code="a">Vidrieras-</subfield>
    <subfield code="z">Francia-</subfield>
    <subfield code="y">Edad media.</subfield>
    <subfield code="9">99516</subfield>
  </datafield>
  <datafield tag="650" ind1=" " ind2=" ">
    <subfield code="a">Vidrieras-</subfield>
    <subfield code="z">Gran Breta&#xF1;a-</subfield>
    <subfield code="y">Edad media.</subfield>
    <subfield code="9">99517</subfield>
  </datafield>
  <datafield tag="700" ind1="1" ind2=" ">
    <subfield code="a">Saint, Lawrence Bradford (</subfield>
    <subfield code="d">1885-1961)</subfield>
    <subfield code="9">43039</subfield>
  </datafield>
  <datafield tag="852" ind1="4" ind2=" ">
    <subfield code="j">L-252</subfield>
  </datafield>
  <datafield tag="952" ind1=" " ind2=" ">
    <subfield code="0">0</subfield>
    <subfield code="1">0</subfield>
    <subfield code="4">0</subfield>
    <subfield code="7">0</subfield>
    <subfield code="8">NOR</subfield>
    <subfield code="a">RABASF</subfield>
    <subfield code="b">RABASF</subfield>
    <subfield code="c">DP2</subfield>
    <subfield code="d">2013-09-16</subfield>
    <subfield code="e">D</subfield>
    <subfield code="l">0</subfield>
    <subfield code="o">L-252</subfield>
    <subfield code="p">1066526</subfield>
    <subfield code="r">2024-10-15 09:49:16</subfield>
    <subfield code="w">2024-10-15</subfield>
    <subfield code="y">FONDOMODER</subfield>
  </datafield>
  <datafield tag="999" ind1=" " ind2=" ">
    <subfield code="c">59004</subfield>
    <subfield code="d">59004</subfield>
  </datafield>
</record>
